Statistiques concernant Culture Générale - Série 1139

Cliquez ici pour prendre le quiz!

Statistiques générales

  • Ce quiz a été pris 54 fois
  • Le résultat moyen est 7 sur 10

Statistiques - réponses

Question Réponse % Correct
Quel titre, porté par les empereurs de Russie, est l'anagramme de star ?tsar
96%
Dans quel pays déguste-t-on des tapas à proximité de l'Alhambra de Grenade ?Espagne
90%
D'après Maxime Le Forestier, de quelle couleur est la maison adossée à la colline à "San Francisco" ?bleue
88%
Sur une facture, quelle est la signification du sigle T.T.C. ?Toutes taxes comprises
84%
De quel continent sont originaires les Algonquins ?Amérique
80%
Quel État des États-Unis a pour frontière naturelle avec le Mexique le Rio Grande ?Texas
75%
Dans les milieux mafieux l'omerta est le nom donné à "la loi du...silence
73%
Quel département français produit le vin jaune ?Jura
57%
En 1940, qui déclare à la Chambre des communes : "Je n'ai à offrir que du sang, de la peine, des larmes et de la sueur" ?Winston Churchill
45%
Dans quelle commune des Bouches-du-Rhône peut-on visiter le moulin dit "d'Alphonse Daudet" ?Fontvieille
8%

Distribution des résultats

Percentile par nombre de réponses

% des personnes avec chaque résultat

Votre développement - résultats

Vous n’avez pas pris ce quiz